عرض عادي
عرض مارك
- Manipulation (Therapeutics)
مدخل مصطلح موضوعي
001 - رقم الضبط
- حقل الضبط: 47944
003 - معرف رقم الضبط
- حقل الضبط: OSt
005 - تاريخ ووقت أخر عملية
- حقل الضبط: 20150504134401.0
008 - عناصر بيانات ثابتة الطول
- حقل تحكم ثابت الطول: 150504|| aca||aabn | a|a d
040 ## - مصدر الفهرسة
- هيئة الفهرسة الأصلية: OSt
- وكالة الكتابة: OSt
150 ## - مدخل-- مصطلح تاريخي
- عنصر مدخل المصطلح الموضوعي او الاسم الجغرافي: Manipulation (Therapeutics)
670 ## - بيانات المصدر موجوده
- الاستشهاد بالمصدر: Work cat.: (OSt)0: Schomacher, Jochen 47942, Orthopedic manual therapy diagnosis :, 2014.
